Timber frame (Record no. 101761)

MARC details
000 -LEADER
fixed length control field 00828cam a2200265 4500
001 - CONTROL NUMBER
control field 1900510251
008 - FIXED-LENGTH DATA ELEMENTS--GENERAL INFORMATION
fixed length control field 011112n2000 000 0 eng u
035 ## - SYSTEM CONTROL NUMBER
System control number (Sirsi) u115550
041 ## - LANGUAGE CODE
Language code of text/sound track or separate title eng
050 ## - LIBRARY OF CONGRESS CALL NUMBER
Classification number 694.01
-- 18
110 ## - MAIN ENTRY--CORPORATE NAME
Corporate name or jurisdiction name as entry element Timber Research and Development Association
245 ## - TITLE STATEMENT
Title Timber frame
Remainder of title re-engineering for affordable housing
260 ## - PUBLICATION, DISTRIBUTION, ETC.
Place of publication, distribution, etc. High Wycombe
Name of publisher, distributor, etc. TRADA
Date of publication, distribution, etc. 2000
300 ## - PHYSICAL DESCRIPTION
Extent 16p.
Other physical details ill.
Dimensions 30cm.
350 ## - PRICE (NR) (BK AM CF MU VM SE) [OBSOLETE]
Price 15
490 ## - SERIES STATEMENT
Series statement TRADA Research Report
520 ## - SUMMARY, ETC.
Summary, etc. This book aims to raise awareness of, and interest in, how timber frame can be used in affordable housing.
650 ## - SUBJECT ADDED ENTRY--TOPICAL TERM
Topical term or geographic name entry element PREFABRICATION
650 ## - SUBJECT ADDED ENTRY--TOPICAL TERM
Topical term or geographic name entry element TIMBER
650 ## - SUBJECT ADDED ENTRY--TOPICAL TERM
Topical term or geographic name entry element TIMBER-FRAMED BUILDING
650 ## - SUBJECT ADDED ENTRY--TOPICAL TERM
Topical term or geographic name entry element TIMBER-FRAMED HOUSING
650 ## - SUBJECT ADDED ENTRY--TOPICAL TERM
Topical term or geographic name entry element TIMBER FRAMES
690 ## - LOCAL SUBJECT ADDED ENTRY--TOPICAL TERM (OCLC, RLIN)
Topical term or geographic name as entry element BUILT ENVIRONMENT-BUILDING MATERIALS
942 ## - ADDED ENTRY ELEMENTS (KOHA)
Suppress in OPAC 0
Holdings
Withdrawn status Lost status Source of classification or shelving scheme Damaged status Not for loan Home library Current library Shelving location Date acquired Cost, normal purchase price Total Checkouts Full call number Barcode Date last seen Copy number Cost, replacement price Price effective from Koha item type
    Dewey Decimal Classification     London London Books 24/07/2002 12.75   F694.01 TRA 30066304 06/08/2019 1 12.75 06/08/2019 Book